[Event "Autonomico-chT"]
[Site "Aragon"]
[Date "2005.02.19"]
[Round "4.19"]
[White "Escuer Sanchez, Nestor"]
[Black "Mimbela Lopez, Luis"]
[Result "1/2-1/2"]
[WhiteElo "2032"]
[BlackElo "2203"]
[PlyCount "84"]
[EventDate "2005.01.22"]
[EventType "team-tourn"]
[EventRounds "12"]
[EventCountry "ESP"]
[SourceTitle "EXT 2006"]
[Source "ChessBase"]
[SourceDate "2005.11.24"]
[SourceVersion "1"]
[SourceVersionDate "2005.11.24"]
[SourceQuality "1"]

1. e4 d6 2. Nc3 Nf6 3. d4 g6 4. f3 Bg7 5. Be3 c6 6. Qd2 b5 7. g4 h5 8. g5 Nfd7 9. Nd1 Nb6 10. c3 N8d7 11. b3 Bb7 12. Bd3 a6 13. Ne2 e5 14. Rc1 d5 15. f4 exf4 16. Bxf4 0-0 17. e5 Re8 18. 0-0 Nf8 19. h4 Bc8 20. Bg3 Be6 21. Nf4 Qe7 22. Ne3 c5 23. Be2 Red8 24. Qd1 Rac8 25. Bf3 a5 26. Qe2 cxd4 27. cxd4 Qb4 28. Nc2 Rxc2 29. Rxc2 Qxd4+ 30. Bf2 Qxf4 31. Bxb6 Rd7 32. Qh2 Qxh2+ 33. Kxh2 Bxe5+ 34. Kg2 a4 35. bxa4 bxa4 36. Rd1 Kg7 37. Bd4 f6 38. gxf6+ Kxf6 39. Re2 Bxd4 40. Rxd4 g5 41. Bxh5 gxh4 42. Rf4+ Ke7 1/2-1/2